The autobiography of an unknown Indian / (Record no. 20495)
[ view plain ]
| 000 -LEADER | |
|---|---|
| fixed length control field | 00771cam a22002531 4500 |
| 001 - CONTROL NUMBER | |
| control field | 287550 |
| 003 - CONTROL NUMBER IDENTIFIER | |
| control field | BDDh-ASL |
| 005 - DATE AND TIME OF LATEST TRANSACTION | |
| control field | 20231015025909.0 |
| 008 - FIXED-LENGTH DATA ELEMENTS--GENERAL INFORMATION | |
| fixed length control field | 710222t19941951ii 000 0aeng |
| 010 ## - LIBRARY OF CONGRESS CONTROL NUMBER | |
| LC control number | 68025418 |
| 040 ## - CATALOGING SOURCE | |
| Original cataloging agency | DLC |
| Transcribing agency | DLC |
| Modifying agency | DLC |
| -- | BDDh-ASL |
| 043 ## - GEOGRAPHIC AREA CODE | |
| Geographic area code | a-ii--- |
| 050 00 - LIBRARY OF CONGRESS CALL NUMBER | |
| Classification number | DS421 |
| Item number | .C47 1968 |
| 082 00 - DEWEY DECIMAL CLASSIFICATION NUMBER | |
| Classification number | 915.4033 |
| Item number | CHA |
| 100 1# - MAIN ENTRY--PERSONAL NAME | |
| Personal name | Chaudhuri, Nirad C., |
| Dates associated with a name | 1897-1999. |
| 245 14 - TITLE STATEMENT | |
| Title | The autobiography of an unknown Indian / |
| Statement of responsibility, etc. | by Nirad C. Chaudhuri. |
| 260 ## - PUBLICATION, DISTRIBUTION, ETC. | |
| Place of publication, distribution, etc. | Jaico Publishing House : |
| Name of publisher, distributor, etc. | Bombay, |
| Date of publication, distribution, etc. | 1994 [c1951] |
| 300 ## - PHYSICAL DESCRIPTION | |
| Extent | 610 p. |
| Dimensions | 22 cm. |
| 600 10 - SUBJECT ADDED ENTRY--PERSONAL NAME | |
| Personal name | Chaudhuri, Nirad C., |
| Dates associated with a name | 1897-1999. |
| 651 #0 - SUBJECT ADDED ENTRY--GEOGRAPHIC NAME | |
| Geographic name | India |
| General subdivision | Social life and customs. |
| 651 #0 - SUBJECT ADDED ENTRY--GEOGRAPHIC NAME | |
| Geographic name | India |
| General subdivision | Biography. |
| 906 ## - LOCAL DATA ELEMENT F, LDF (RLIN) | |
| a | 7 |
| b | cbc |
| c | orignew |
| d | u |
| e | ocip |
| f | 19 |
| g | y-gencatlg |
| 942 ## - ADDED ENTRY ELEMENTS (KOHA) | |
| Source of classification or shelving scheme | Dewey Decimal Classification |
| Koha item type | Books |
| Withdrawn status | Lost status | Source of classification or shelving scheme | Damaged status | Not for loan | Collection code | Home library | Current library | Shelving location | Date acquired | Source of acquisition | Total Checkouts | Full call number | Barcode | Date last seen | Copy number | Price effective from | Koha item type | Public note |
|---|---|---|---|---|---|---|---|---|---|---|---|---|---|---|---|---|---|---|
| Dewey Decimal Classification | Not For Loan | Non-fiction | Asiatic Society Library | Asiatic Society Library | Ludden Collection | 01/09/2021 | Donated by Prof. David Ludden | 915.4033 CHA | 103945 | 01/09/2021 | C-1 | 01/09/2021 | Books | RARE | ||||
| Dewey Decimal Classification | Damaged | Not For Loan | Non-fiction | Asiatic Society Library | Asiatic Society Library | General Stacks | 03/02/2021 | Prof. Azizul Haq and Prof. Husniara Huq Collections | 915.4033 CHA | 106918 | 03/02/2021 | C-2 | 03/02/2021 | Books | RARE | |||
| Dewey Decimal Classification | Non-fiction | Asiatic Society Library | Asiatic Society Library | Sirajul Islam Collection | 07/14/2021 | Donated by Professor Sirajul Islam, FRHS | 915.4033 CHA | 110175 | 07/14/2021 | C-3 | 07/14/2021 | Books |